000 00313nam a22001217a 4500
008 180517b xxu||||| |||| 00| 0 eng d
041 _aeng
080 _a043.3
100 _a0
101 _aSHKI-BA
245 _aPermirsimi i Performances se Kompanice me ane te Sistemit Informatik
_cSadiku, Sh
942 _2udc
_cBK
999 _c45876
_d45876